Un été en Corrèze (notice n° 1659388)

détails MARC
000 -LEADER
fixed length control field 01727cam a2200181 4500500
005 - DATE AND TIME OF LATEST TRANSACTION
control field 20260208011050.0
041 ## - LANGUAGE CODE
Language code of text/sound track or separate title fre
042 ## - AUTHENTICATION CODE
Authentication code dc
100 10 - MAIN ENTRY--PERSONAL NAME
Personal name Dufour, Sylvette
Relator term author
245 00 - TITLE STATEMENT
Title Un été en Corrèze
260 ## - PUBLICATION, DISTRIBUTION, ETC.
Date of publication, distribution, etc. 2026.<br/>
500 ## - GENERAL NOTE
General note 46
520 ## - SUMMARY, ETC.
Summary, etc. Changer une ampoule, changer un pneu, changer un joint de lavabo… Il faut que tout change pour que rien ne change. Cet aphorisme connu pourrait aussi s’appliquer à la maintenance : secrète, sans gloire et sans fin, cette activité est pourtant indispensable pour que nous ayons l’impression que rien ne se passe. Et elle comporte de nombreux enjeux que l’époque actuelle réexamine avec intérêt.
520 ## - SUMMARY, ETC.
Summary, etc. Substituir uma lâmpada, mudar um pneu, substituir a borracha de um lavatório… É preciso que tudo mude para que nada mude. Este famigerado aforismo poderia também aplicar-se à manutenção: secreta, sem glória nem fim, esta atividade é, no entanto, indispensável para que tenhamos a impressão de que tudo corre normalmente, envolvendo inúmeros desafios que a nossa época revisita com interesse.
520 ## - SUMMARY, ETC.
Summary, etc. Changing a lightbulb, changing a tyre, changing a washer – everything must change if you want things to stay as they are.This well-known aphorism could also be applied to the upkeep of a house.This endless activity, hidden and dull, is nevertheless crucial if we want to have the feeling that there is nothing going on. There is much at stake in keeping up a place, and these stakes are reexamined with interest in our current day and age.
786 0# - DATA SOURCE ENTRY
Note Sigila | 56 | 2 | 2026-01-20 | p. 69-74 | 1286-1715
856 41 - ELECTRONIC LOCATION AND ACCESS
Uniform Resource Identifier <a href="https://shs.cairn.info/revue-sigila-2025-2-page-69?lang=fr&redirect-ssocas=7080">https://shs.cairn.info/revue-sigila-2025-2-page-69?lang=fr&redirect-ssocas=7080</a>

Pas d'exemplaire disponible.

PLUDOC

PLUDOC est la plateforme unique et centralisée de gestion des bibliothèques physiques et numériques de Guinée administré par le CEDUST. Elle est la plus grande base de données de ressources documentaires pour les Étudiants, Enseignants chercheurs et Chercheurs de Guinée.

Adresse

627 919 101/664 919 101

25 boulevard du commerce
Kaloum, Conakry, Guinée

Réseaux sociaux

Powered by Netsen Group @ 2025